Finis le titre de la chanson #2 - Statistiques

Statistiques générales
  • Ce quiz a été pris 595 fois
  • Le résultat moyen est 18 sur 30
Statistiques - réponses
Artistes Chanson Réponse % Correct
Jean-Jacques Goldman "Quand la musique est..." Bonne
98%
Coldplay "Viva La..." Vida
95%
Orelsan "La terre est..." Ronde
93%
Grace Jones "La vie en..." Rose
93%
Kyo "Dernière..." Danse
92%
Tryo "Désolé pour hier..." Soir
88%
Téléphone "New-York avec..." Toi
85%
The Clash "Should I Stay or Should..." Go
84%
Michel Berger "La groupie du..." Pianiste
84%
Daniel Balavoine "Je ne suis pas un..." Héros
83%
MC Solaar "Hasta la..." Vista
83%
Vald "Ma meilleure..." Amie
81%
Hozier "Take Me to..." Church
69%
Olivia Ruiz "La femme..." Chocolat
62%
Adamo "Mes mains sur tes..." Hanches
58%
Tété "A la faveur de l'..." Automne
53%
Metallica "Nothing Else..." Matters
50%
Kid Cudi, Ratatat, MGMT "Pursuit of..." Happiness
44%
Bonnie Tyler "Total Eclipse of the..." Heart
43%
Jacques Dutronc "La fille du Père..." Noël
43%
The Cure "Close To... Me
41%
Aerosmith "Walk This..." Way
39%
Philippe Lavil "Il tape sur des..." Bambous
38%
Charli XCX "Boom..." Clap
37%
KeBlack "Complètement..." Sonné
34%
Jason Derulo "Whatcha..." Say
26%
Radiohead "Karma..." Police
21%
Annie Lennox, Dave Stewart, Eurythmics "Here Comes the Rain..." Again
18%
Pitbull "Back in..." Time
15%
The Cranberries "Ode To My..." Family
12%
Aucun quiz correspondant
Distribution des résultats
% des personnes avec chaque résultat
Percentile par nombre de réponses
Votre historique - résultats
Vous n’avez pas pris ce quiz